Central Library OPAC University of Rajshahi

Modern microeconomics / (Record no. 42856)

MARC details
000 -LEADER
fixed length control field 00781cam a2200277 i 4500
001 - CONTROL NUMBER
control field 42856
003 - CONTROL NUMBER IDENTIFIER
rucl marc code BD-RjUL
005 - DATE AND TIME OF LATEST TRANSACTION
control field 20211209053614.0
008 - FIXED-LENGTH DATA ELEMENTS--GENERAL INFORMATION
fixed length control field 160616s1985 nyua b 001 0 eng
020 ## - INTERNATIONAL STANDARD BOOK NUMBER
International Standard Book Number 0333397371
035 ## - SYSTEM CONTROL NUMBER
System control number (BD-RjUL)42974
040 ## - CATALOGING SOURCE
Original cataloging agency DLC
Transcribing agency DLC
Modifying agency DLC
Language of cataloging eng
041 ## - LANGUAGE CODE
Language code of text/sound track or separate title eng
082 00 - DEWEY DECIMAL CLASSIFICATION NUMBER
Classification number 338.5
Edition number 23
Author mark and year KOM 1985
100 1# - MAIN ENTRY--PERSONAL NAME
Personal name Koutsoyiannis, A.
9 (RLIN) 131651
245 10 - TITLE STATEMENT
Title Modern microeconomics /
Statement of responsibility, etc. A. Koutsoyiannis.
250 ## - EDITION STATEMENT
Edition statement ELBS ed.
260 ## - PUBLICATION, DISTRIBUTION, ETC. (IMPRINT)
Place of publication, distribution, etc. New York :
Name of publisher, distributor, etc. St. Martin's Press,
Date of publication, distribution, etc. 1985
300 ## - PHYSICAL DESCRIPTION
Pagination xvii, 581 p. :
Illustrations ill. ;
Size 25 cm.
500 ## - GENERAL NOTE
General note Continued by Non-price competition.
General note Includes index.
504 ## - BIBLIOGRAPHY, ETC. NOTE
Bibliography, etc Bibliography: p. [553]-569.
650 #0 - SUBJECT ADDED ENTRY--TOPICAL TERM
Topical term or geographic name as entry element Microeconomics.
9 (RLIN) 131652
942 ## - ADDED ENTRY ELEMENTS (KOHA)
Source of classification or shelving scheme Dewey Decimal Classification
Koha item type Books
Holdings
Lost status Source of classification or shelving scheme Damaged status Not for loan Collection code Permanent Location Current Location Shelving location Date acquired Total Checkouts Full call number Date last seen Date checked out Copy number Koha item type
  Dewey Decimal Classification     Non-fiction Central Library, University of Rajshahi Central Library, University of Rajshahi Newspapers Stack 02/07/1988 1 338.5 KOM 1985 05/01/2026 24/12/2025 C-2 Books
  Dewey Decimal Classification     Non-fiction Central Library, University of Rajshahi Central Library, University of Rajshahi   02/07/1988   338.5 KOM 1985 16/06/2016   C-3 Books